| 000 | 00429nam a2200145 a 4500 | ||
|---|---|---|---|
| 001 | 4320 | ||
| 003 | CDMR | ||
| 005 | 20130920101203.0 | ||
| 008 | 130130s1964||||||||||||||||||||||||||||d | ||
| 040 |
_aCDMR _bcat _cCDMR |
||
| 245 | 0 | 0 |
_aDiccionario técnico Brockhaus _b: léxico moderno de las ciencias puras y aplicadas y de la técnica industrial |
| 250 | _a2.ª ed. rev | ||
| 260 |
_aBarcelona _c1964 _bGustavo Gili |
||
| 942 |
_cREF _2udc |
||
| 999 |
_c4320 _d4320 |
||